| 000 | 00577 a2200169 4500 | ||
|---|---|---|---|
| 020 | _a0521563984 | ||
| 020 | _a9780521563987 | ||
| 082 | 0 | 4 | _a523.1 |
| 090 |
_c1221 _d1221 |
||
| 100 | 1 | _aMukhanov, Viatcheslav. | |
| 245 | 1 | 0 |
_aPhysical foundations of cosmology / _cViatcheslav Mukhanov. |
| 260 |
_a[S.l.] : _bCambridge University Press, _c2005. |
||
| 300 |
_a421 p. ; _c26 cm. |
||
| 700 | _aMukhanov, Viatcheslav. | ||
| 942 |
_aSNS _cBK _k523.1 MUK |
||
| 999 |
_c29834 _d29834 |
||